000 00559nam a2200193 a 4500
005 20140310183536.0
008 110930s19uu xx 00 eng d
020 _a9781412981316
050 _aLB 2806
_b.F796 2010
100 _aFullan, Michael
245 _aMotion leadership :
_bthe skinny on becoming change savvy /
_cMichael Fullan.
260 _aCalifornia :
_bCorwin,
_c2010.
300 _a85 p. :
_bill. ;
_c19 cm.
521 _aBSBA
650 _aEducational leadership
650 _aEducational change
942 _cBK
_2lcc
_kFOR
999 _c24721
_d24721